| 000 | 00704cam a2200229 i 4500 | ||
|---|---|---|---|
| 003 | OSt | ||
| 005 | 20260428105125.0 | ||
| 008 | 780623s1977 stkbj b 001 0 eng | ||
| 020 | _a812150577X | ||
| 040 | _cHDL | ||
| 041 | _aeng | ||
| 082 | 0 | 0 | _a958.1 N2 |
| 100 | 1 |
_aBosworth, Clifford Edmund. _91235815 |
|
| 245 | 1 | 4 |
_aThe later Ghaznavids ; splendour and decay : _bthe dynasty in Afghanistan and Northern India 1040-1186 / _cClifford Edmund Bosworth. |
| 260 |
_aNew Delhi: _bMunshram Manoharlal Publishers, _c1992. |
||
| 300 | _avi, 196 p. | ||
| 650 | 0 |
_aGhaznevids. _91235816 |
|
| 651 | 0 |
_aAfghanistan _xHistory. _91235817 |
|
| 651 | 0 | _aIndia | |
| 942 |
_2CC _cTEXL _n0 |
||
| 999 |
_c1848589 _d1848589 |
||